| 000 | 01559nam a2200385 i 4500 | ||
|---|---|---|---|
| 001 | 196805 | ||
| 003 | ES-MaACL | ||
| 005 | 20250811095652.0 | ||
| 008 | 241204s2021 sp | |||| 000 0 spa | ||
| 015 | _aMON21 | ||
| 017 |
_aAL 1738-2021 _bOficina Depósito Legal Almería |
||
| 020 | _a9788411045698 | ||
| 035 | _a(SpMaBN)a7007153 | ||
| 040 |
_aSpMaBN _bspa _cSpMaBN _erda |
||
| 080 | _a159.923.2 | ||
| 080 | _a613 | ||
| 100 | 1 |
_aVelázquez de Castro González, Federico, _d1949- _9155482 _eaut |
|
| 245 | 1 | 0 |
_aVivir con sentido : _bun camino al equilibrio y la salud / _cFederico Velázquez de Castro González. |
| 250 | _aPrimera edición: julio 2021 | ||
| 264 | 1 |
_a[Roquetas de Mar] : _bCírculo Rojo Editorial, _c[2021]. |
|
| 300 |
_a163 páginas ; _c21 cm |
||
| 336 |
_aTexto _2rdacontent |
||
| 337 |
_asin mediación _2rdamedia |
||
| 338 |
_avolumen _2rdacarrier |
||
| 504 | _aBibliografía: páginas 161-163 | ||
| 650 | 7 |
_aAutorrealización (Psicología) _2embne _9226457 |
|
| 650 | 4 |
_aHábitos de salud _913275 |
|
| 655 | 7 |
_aPublicaciones de autoayuda _2tgfbne _9226860 |
|
| 852 |
_aES-MaACL _cDEPOJ _jN-10253 _gDedicatoria autógrafa del autor _hDonación: Federico Velázquez de Castro González _xEncuadernación rústica con solapas _9206379 |
||
| 903 |
_9155482 _aVelázquez de Castro González, Federico, _d1949- _ednr |
||
| 942 |
_cMONOGRAFIA _n0 |
||
| 999 |
_c196805 _d196805 |
||